00441 2200181 4500001002100000005001500021035002000036008004100056245003600097100001900133250000600152260004200158300001100200084001400211082000800225650001400233990001200247INLIS00000000000016220240502112112 a0010-0424000138240502 0 ind 1 aMengenal Darah /cErnia Agustin aAgustin, Ernia a1 aSemarang :bPustaka Dipenogoro,c2014 a74 hlm a600 ERN m a600 4aNon Fiksi a0732493